000 00343nam a2200145Ia 4500
003 OSt
005 20240106104507.0
008 170523s9999 xx 000 0 und d
020 _a9788177224610
040 _cIIMT UNIVERSITY
100 _aPrasad- K.V.K.K.
245 0 _aEmbedded / Real-Time Systems
260 _aDreamtech
942 _2ddc
_c02
999 _c12208
_d12208